Central Library OPAC University of Rajshahi

Portrayal of Women In Mughal painting : (Record no. 84146)

MARC details
000 -LEADER
fixed length control field 00944nam a2200241 a 4500
001 - CONTROL NUMBER
RUCL Control Number 84146
003 - CONTROL NUMBER IDENTIFIER
rucl marc code BD-RjUL
005 - DATE AND TIME OF LATEST TRANSACTION
control field 20250410100311.0
008 - FIXED-LENGTH DATA ELEMENTS--GENERAL INFORMATION
fixed length control field 241021s199 bg a|||| m||| 00| 0 eng d
035 ## - SYSTEM CONTROL NUMBER
system control number (BD-RjUL)84146
040 ## - CATALOGING SOURCE
Original cataloging agency BD-RjUL
Language of cataloging eng
Transcribing agency BD-RjUL
Modifying agency BD-RjUL
041 ## - LANGUAGE CODE
Language code of Book eng
082 ## - DEWEY DECIMAL CLASSIFICATION NUMBER
DDC Edition number 23
Classification number 757.4
Author mark and Year BEP 1994
100 ## - MAIN ENTRY--PERSONAL NAME
Personal name Begum, Najma
9 (RLIN) 6273
245 10 - TITLE STATEMENT
Title Portrayal of Women In Mughal painting :
Remainder of title A Study based on illustrated manuscripts and album drawings /
Statement of responsibility, etc Najma Begum
Number of part/section of a work Volume I,
Name of part/section of a work Text :
Name of Supervisor/Co-Supervisor Supervision : A. B. M. Husain
260 ## - PUBLICATION, DISTRIBUTION, ETC. (IMPRINT)
Place of publication, distribution, etc Rajshahi :
Name of publisher, distributor, etc Institute of Bangladesh Studies, Rajshahi University,
Date of publication, distribution, etc 1994
300 ## - PHYSICAL DESCRIPTION
Pagination xviii, 396 leaves ;
Other physical details ill.;
Dimensions 29 cm.
502 ## - DISSERTATION NOTE
Dissertation note Thesis (Ph.D.) -- Institute of Bangladesh Studies, University of Rajshahi,1994
504 ## - BIBLIOGRAPHY, ETC. NOTE
Bibliography, etc Bibliography : Leaves 382-396
650 ## - SUBJECT ADDED ENTRY--TOPICAL TERM
Topical term or geographic name as entry element Women
Form subdivision Portrayal
General subdivision Mughal Painting
9 (RLIN) 13890
700 ## - ADDED ENTRY--SUPERVISOR/CO-SUPERVISOR NAME
Personal name Husain, A. B. M. Supervision
9 (RLIN) 13622
942 ## - ADDED ENTRY ELEMENTS (KOHA)
Source of classification or shelving scheme Dewey Decimal Classification
Koha item type Theses
Holdings
Source of classification or shelving scheme Damaged status Not for loan Collection code Permanent Location Current Location Shelving location Date of accession Source of acquisition Full call number Barcode Date last seen Copy number Thesis
Dewey Decimal Classification   Not For Loan Theses Central Library, University of Rajshahi Central Library, University of Rajshahi Documentation Section 06/04/1995 Controller of Exam. R.U. THE 757.4 BEP V-I 1994 D1766 21/10/2024 C-1 Theses